000 00598nam a2200169 i 4500
001 57433
003 ES-MaACL
007 t|
008 031016s1985 sp ||||1| spa d
020 _a84-7580-198-6
245 0 3 _aLa droga en la sociedad actual
_b: nuevos horizontes en criminología /
_ccompilación de Antonio Beristain y José Luis de la Cuesta.
260 _aSan Sebastián :
_bCaja de Ahorros Provincial de Guipúzcoa,
_c[1985]
300 _a405 p. ;
_c24 cm.
700 1 _aBeristain, Antonio.
_928031
700 1 _aCuesta, Jose Luis de la.
_942039
852 _aES-MaACL
_jL-8803
_bR.110398
999 _c57433
_d57433